000 00562nam a2200205Ia 4500
003 GCL
008 140319s9999 xx 000 0 ara d
040 _aGCL /
_cGCL
082 0 4 _aط
_b813.02
_bص ز
100 1 _aصلاح عبدالفتاح
245 1 0 _aزيزى فى مدينة العلم /
_cصلاح عبدالفتاح
260 _a[S.N] :
_bمكتبة مصر
300 _aمتعددة
490 _a
650 0 4 _aالاطفال
650 0 4 _aالقصص
650 0 4 _aقصص الاطفال
650 0 4 _aادب الاطفال
942 _2ddc
_cBK
999 _c36740
_d36740